Capitals de comarca de Catalunya - Estadísticas

Estadísticas generales
  • Esta prueba ha sido intentada 1.451 veces
  • La puntuación promedio es 30 de 42
Estadísticas de respuestas
Comarques Capitals % Correcto
Barcelonès Barcelona
93%
Gironès Girona
92%
Alt Empordà Figueres
85%
Maresme Mataró
85%
Osona Vic
85%
Tarragonès Tarragona
84%
Berguedà Berga
83%
Ripollès Ripoll
83%
Segrià Lleida
82%
Moianès Moià
82%
Bages Manresa
81%
Garrotxa Olot
81%
Aran Vielha e Mijaran
81%
Anoia Igualada
80%
Cerdanya Puigcerdà
78%
Vallès Occidental Sabadell i Terrassa
77%
Alt Urgell Seu d'Urgell
77%
Solsonès Solsona
76%
Alt Penedès Vilafranca del Penedès
76%
Baix Camp Reus
74%
Montsià Amposta
73%
Pla de l'Estany Banyoles
72%
Garraf Vilanova i la Geltrú
72%
Pallars Sobirà Sort
71%
Baix Ebre Tortosa
71%
Alt Camp Valls
71%
Baix Empordà Bisbal de l'Empordà
67%
Baix Llobregat Sant Feliu de Llobregat
67%
Pallars Jussà Tremp
67%
Vallès Oriental Granollers
66%
Conca de Barberà Montblanc
64%
Alta Ribagorça Pont de Suert
63%
Garrigues Borges Blanques
61%
Noguera Balaguer
60%
Priorat Falset
60%
Ribera d'Ebre Móra d'Ebre
60%
Baix Penedès Vendrell
60%
Segarra Cervera
58%
Pla d'Urgell Mollerussa
53%
Urgell Tàrrega
51%
Selva Santa Coloma de Farners
50%
Terra Alta Gandesa
48%
No se encontraron pruebas coincidentes
Distribución de puntuación
Porcentaje de gente con cada puntuación
Porcentaje por número respondido
Historial de tus puntuaciones
No has intentado esta prueba.